Monumentos y proyecto (Record no. 7768)

MARC details
000 -LEADER
campo de control de longitud fija 00824nam a2200205 i 4500
001 - NÚMERO DE CONTROL
campo de control 7768
003 - IDENTIFICADOR DE NÚMERO DE CONTROL
campo de control ES-MaACL
005 - FECHA Y HORA DE LA ÚLTIMA TRANSACCIÓN
campo de control 20230906145316.0
007 - CAMPO FIJO DE DESCRIPCIÓN FÍSICA--INFORMACIÓN GENERAL
campo de control de longitud fija t|
008 - DATOS DE LONGITUD FIJA--INFORMACIÓN GENERAL
campo de control de longitud fija 910502s1990 sp ||||1| spa d
020 ## - NÚMERO INTERNACIONAL ESTÁNDAR DEL LIBRO
Número Internacional Estándar del Libro 84-7483-642-5
080 ## - NÚMERO DE LA CLASIFICACIÓN DECIMAL UNIVERSAL
Número de la Clasificación Decimal Universal 7.025.4(46)
245 00 - MENCIÓN DEL TÍTULO
Título Monumentos y proyecto
Resto del título : Jornadas sobre criterios de intervencion en el patrimonio arquitectonico : [celebradas en Madrid del 19 al 23 de octubre de 1987].
260 ## - PUBLICACIÓN, DISTRIBUCIÓN, ETC.
Lugar de publicación, distribución, etc. Madrid :
Nombre del editor, distribuidor, etc. Instituto de Conservacion y Restauracion de Bienes Culturales,
Fecha de publicación, distribución, etc. 1990.
300 ## - DESCRIPCIÓN FÍSICA
Extensión 407 p. :
Otras características físicas il. ;
Dimensiones 32 cm.
500 ## - NOTA GENERAL
Nota general Bibliogr.: p. 401-407.
650 00 - PUNTO DE ACCESO ADICIONAL DE MATERIA--TÉRMINO DE MATERIA
Término de materia o nombre geográfico como elemento de entrada Monumentos-
Subdivisión general Restauración-
Subdivisión de forma Congresos y asambleas.
9 (RLIN) 15184
710 2# - ENTRADA AGREGADA--NOMBRE DE ENTIDAD CORPORATIVA
Nombre de entidad corporativa o nombre de jurisdicción como elemento de entrada Instituto de Conservación y Restauración de Bienes Culturales (España)
9 (RLIN) 4845
852 ## - LOCALIZACIÓN
Ubicación ES-MaACL
Número de control de estantería C-10860
Sublocalización o colección R.118603
Nota libre . - tela
Holdings
Estatus retirado Estado de pérdida Estado de daño No para préstamo Biblioteca de origen Biblioteca actual Ubicación en estantería Fecha de adquisición Fuente de adquisición Total de préstamos Signatura topográfica completa Código de barras Visto por última vez Precio de reemplazo Tipo de ítem Koha
        Biblioteca del Ateneo de Madrid Biblioteca del Ateneo de Madrid Sala Palomar 17/01/2008     C-10860 1007922 23/02/2023 23/02/2023 Libro impreso